000 01212nam a2200325 a 4500
001 000114652
003 CHAP
005 20220329144451.0
008 180314s2017 mx sm |||||||spa d
010 _a111113
011 _a112085
040 _cCHAP
090 _aTesis
100 1 _aFuentes Vélez, Manuel
_9134875
245 1 0 _aControl químico de malezas en chicharo (Pisum sativum) en San José Villa Allende, Estado de México
_h[En línea]
_cpor Manuel Fuentes Véles.
260 _aChapingo, Méx. :
_bEl autor,
_c2017.
500 _aPara ver el contenido del material haga clic en la liga
502 _aTesis (Ing. Agr. Esp. en Parasitología Agrícola) -- UACH. Departamento de Parasitología Agrícola
590 _aE6339RRR
_b05
_c20180314
_lUCH01
_h1344
590 _aE6339RRR
_b05
_c20180314
_lUCH01
_h1345
590 _aE6339RRR
_b05
_c20180314
_lUCH01
_h1346
650 1 4 _aChícharo
_xMalas hierbas
_xControl.
_922833
650 1 4 _aHerbicidas
_xAplicación.
_953692
650 1 4 _aHerbicidas
_xPruebas.
_9132172
650 1 4 _aMalas hierbas
_xHerbicidas.
_9125597
856 _aFinding aid
_uhttp://10.13.5.2/tesis/sist114652.pdf
_zTeclea aquí
901 _aBK
942 _cLIBRO
942 _n0
999 _c111113
_d111113